| 000 | 00354nam a22001217a 4500 | ||
|---|---|---|---|
| 082 | _a220 PRO | ||
| 100 |
_aALEEN,AYESHA,FAISAL,EHTISHAM _972238 |
||
| 245 | _aPR-SOF-1155-ENERGY HARVESTING VIA VORTEX INDUCED BIBRATIONS | ||
| 260 |
_aISLAMABAD _bNUST COLLEGE OF EME _c2012 |
||
| 650 |
_aDE-MECH-30 _972239 |
||
| 700 |
_aDR IMRAN AKHTAR _911136 |
||
| 942 | _cCR | ||
| 999 |
_c578361 _d578361 |
||